UK Town and City Trivia - Peterborough - Statistics

General Stats
  • This quiz has been taken 4 times
  • The average score is 7 of 15
Answer Stats
Hint Answer % Correct
Wife of King Henry VIII, who is buried at Peterborough Cathedral {Catherine} of Aragon
100%
Major North-South road linking Peterborough with Edinburgh and London A1 / A1(M)
67%
Fired-clay construction material, pioneered in Peterborough in the 1890s Fletton {Brick}
67%
Railway company whose arrival in 1850 transformed Peterborough's fortunes Great {Northern} Railway
67%
One half of a luxury car partnership, born in Adwalton on the edge of Peterborough Henry Royce
67%
Means of aiding road traffic flow, first installed in Peterborough in 1968 {Mini}-roundabout
67%
River that flows through Peterborough Nene
67%
Nickname for Peterborough United Football Club The Posh
67%
Major East-West road linking Peterborough with Lowestoft and Birmingham A47
33%
Sport played by the Peterborough Phantoms Ice Hockey
33%
Catholic queen, buried at Peterborough before reinterment at Westminster Abbey Mary Queen of Scots
33%
Peterborough born actor and star of the BBC sitcom 'Just Good Friends' Paul Nicholas
33%
Country Park on the western side of the city {Ferry} Meadows
0%
Traditional name for the home ground of Peterborough United F.C. {London} {Road} Stadium
0%
Diesel engine manufacturer based in Peterborough since 1932 Perkins
0%
No matching quizzes found
Score Distribution
Percent of People with Each Score
Percentile by Number Answered
Your Score History
You have not taken this quiz